000 00505nam a22001577a 4500
999 _c8126
_d8127
008 190712b ||||| |||| 00| 0 eng d
020 _a9781935713104
082 _a591.5 GOO
245 _aAnimals & people :
_b a selection of essays from Orion Magazine
_c[foreword by Jane Goodall].
260 _aGreat Barrington,
_bMA : Orion,
_c2013.
300 _axi, 121 pages ;
_c22 cm
500 _a"An Orion reader"--Cover.
650 _a Human-animal relationships.
700 _a Orion Society.
942 _2ddc